Vincitori Campionato italiano di baseball - Statistics

Statistiche generali
  • Questo quiz è stato fatto 8 volte
  • Il punteggio medio è 49 su 78
Statistiche sulle risposte
Stagione Squadra vincitrice % Corretto
Serie A 1984 Be.Ca. Carni Bologna
100%
Serie A 1978 Biemme Giocattoli Bologna
100%
Serie A1 2003 Italeri Bologna
100%
Serie A1 2005 Italeri Bologna
100%
Lega Italiana Baseball 1948 Libertas Bologna
100%
Serie A 1969 Montenegro Bologna
100%
Serie A 1972 Montenegro Bologna
100%
Serie A 1974 Montenegro Bologna
100%
Italian Baseball League 2009 UGF Banca Bologna
100%
Italian Baseball League 2014 UnipolSai Bologna
100%
Italian Baseball League 2016 UnipolSai Bologna
100%
Serie A1 2018 UnipolSai Bologna
100%
Serie A1 2019 UnipolSai Bologna
100%
Serie A1 2020 UnipolSai Bologna
100%
Serie A1 2023 UnipolSai Bologna
100%
Serie A1 1991 Angels Parma
83%
Serie A1 1994 Cariparma Angels Parma
83%
Serie A1 1995 Cariparma Angels Parma
83%
Italian Baseball League 2010 Cariparma Parma
83%
Serie A 1959 Coca Cola Roma
83%
Serie A1 1997 CUS Cariparma Parma
83%
Serie A 1958 C.U.S. Milano
83%
Serie A 1961 Europhon Milano
83%
Serie A 1962 Europhon Milano
83%
Serie A 1966 Europhon Milano
83%
Serie A 1967 Europhon Milano
83%
Serie A 1968 Europhon Milano
83%
Serie A 1970 Europhon Milano
83%
Serie A 1976 Germal Parma
83%
Serie A 1977 Germal Parma
83%
Serie A 1950 Libertas Roma
83%
Serie A 1981 Parmalat Parma
83%
Serie A 1982 Parmalat Parma
83%
Serie A 1960 Seven Up Milano
83%
Serie A 1985 World Vision Parma
83%
Serie A1 2021 San Marino Baseball
67%
Serie A1 2022 San Marino Baseball
67%
Italian Baseball League 2008 T&A San Marino
67%
Italian Baseball League 2011 T&A San Marino
67%
Italian Baseball League 2012 T&A San Marino
67%
Italian Baseball League 2013 T&A San Marino
67%
Italian Baseball League 2017 17 Rimini Baseball
50%
Serie A 1975 CerCosti Rimini
50%
Serie A 1979 Derbigum Rimini
50%
Serie A 1980 Derbigum Rimini
50%
Serie A 1983 Papà Barzetti Rimini
50%
Italian Baseball League 2015 Rimini Baseball
50%
Serie A 1988 Ronson Lenoir Rimini
50%
Serie A1 1999 Semenzato Rimini
50%
Serie A1 2000 Semenzato Rimini
50%
Serie A1 2002 Semenzato Rimini
50%
Serie A1 1992 Telemarket Rimini
50%
Serie A1 2006 Telemarket Rimini
50%
Serie A 1987 Trevi Rimini
50%
Torneo d'oro 1958 Algida Nettuno
33%
Serie A1 1996 Caffè Danesi Nettuno
33%
Serie A1 1998 Caffè Danesi Nettuno
33%
Serie A1 2001 Caffè Danesi Nettuno
33%
Serie A1 1993 C.F.C. Nettuno
33%
Serie A 1956 Chlorodont Nettuno
33%
Serie A 1957 Chlorodont Nettuno
33%
Serie A 1971 Glen Grant Nettuno
33%
Serie A 1973 Glen Grant Nettuno
33%
Serie A 1986 Grohe Grosseto
33%
Serie A 1989 Mamoli Grosseto
33%
Italian Baseball League 2007 Montepaschi Grosseto
33%
Serie A 1951 Nettuno
33%
Serie A 1952 Nettuno
33%
Serie A 1953 Nettuno
33%
Serie A 1954 Nettuno
33%
Serie A1 2004 Prink Grosseto
33%
Serie A 1990 SCAC Nettuno
33%
Serie A 1963 Simmenthal Nettuno
33%
Serie A 1964 Simmenthal Nettuno
33%
Serie A 1965 Simmenthal Nettuno
33%
Serie A 1949 Fiorentina
0%
Lega Italiana Baseball 1949 Lazio Roma
0%
Serie A 1955 Lazio Roma
0%
Nessun quiz corrispondente trovato
Distribuzione punteggi
Percentuale di utenti per punteggio
Percentile per numero di risposta
I tuoi punteggi nel tempo
Non hai fatto questo quiz